Hidden Words by Category - Statistics

General Stats
  • This quiz has been taken 1,359 times
  • The average score is 12 of 20
Answer Stats
Answer % Correct
E{van}gelist
91%
Porcu{pine}
91%
Overwh{elm}
89%
Block{bus}ter
85%
Hund{red}
78%
S{car}let
75%
{Green}grocer
73%
E{yew}itness
70%
Cont{rover}sy
64%
{Ash}tray
62%
Bad{mint}on
61%
Ott{oman}
58%
P{iran}ha
54%
{Mali}gnant
40%
{Peru}se
38%
Pas{tram}i
36%
Bon{fir}e
28%
S{cuba}
25%
P{rose}cute
18%
Ch{amber}pot
16%
No matching quizzes found
Score Distribution
Percent of People with Each Score
Percentile by Number Answered
Your Score History
You have not taken this quiz